شرح نقائض جرير والفرزدق / (رقم التسجيلة. 178679)

تفاصيل مارك
000 -LEADER
fixed length control field 01715namaa22003491i 4500
003 - CONTROL NUMBER IDENTIFIER
control field EG-GICUC
005 - DATE AND TIME OF LATEST TRANSACTION
control field 20260224081950.0
008 - FIXED-LENGTH DATA ELEMENTS--GENERAL INFORMATION
fixed length control field 260224s1998 ts ah||jr|||| 000 0 ara d
040 ## - CATALOGING SOURCE
Original cataloging agency EG-GiCUC
Language of cataloging ara
Transcribing agency EG-GiCUC
Modifying agency EG-GiCUC
Description conventions rda
082 04 - DEWEY DECIMAL CLASSIFICATION NUMBER
Edition number 21
Classification number 811.9
Item number Y35
092 04 - LOCALLY ASSIGNED DEWEY CALL NUMBER (OCLC)
Edition number 21
Classification number 811.9
Item number Y35
099 ## - LOCAL FREE-TEXT CALL NUMBER (OCLC)
Classification number 811.9 Y35 1998
100 1# - MAIN ENTRY--PERSONAL NAME
Personal name يزيدي، محمد بن العباس
Dates associated with a name 922 923او842 843- او
Relator term مؤلف.
245 1# - TITLE STATEMENT
Title شرح نقائض جرير والفرزدق /
Statement of responsibility, etc. برواية أبى عبد الله اليزيدى، عن أبى سعيد السكرى، عن ابن حبيب، عن أبى عبيدة ؛ تحقيق الدكتور محمد ابراهيم حور، الدكتور وليد محمود خالص
250 ## - EDITION STATEMENT
Edition statement الطبعة الثانية
264 ## - PRODUCTION, PUBLICATION, DISTRIBUTION, MANUFACTURE, AND COPYRIGHT NOTICE
Place of production, publication, distribution, manufacture أبوظبى ( الامارات العربية المتحدة ) :
Name of producer, publisher, distributor, manufacturer منشورات المجمع الثقافى،
Date of production, publication, distribution, manufacture, or copyright notice 1998
300 ## - PHYSICAL DESCRIPTION
Extent : 3 مجلدات
Other physical details إيضاحيات، مثيليات ؛
Dimensions 22 سم
336 ## - CONTENT TYPE
Source rdacontent
Content type term text
337 ## - MEDIA TYPE
Source rdamedia
Media type term Unmediated
338 ## - CARRIER TYPE
Source rdacarrier
Carrier type term volume
504 ## - BIBLIOGRAPHY, ETC. NOTE
Bibliography, etc. note يشتمل على ارجاعات ببليوجرافية وكشافات
541 ## - IMMEDIATE SOURCE OF ACQUISITION NOTE
Source of acquisition د. جابر عصفور ؛
Address القاهرة ؛
Method of acquisition إهداء ؛
Date of acquisition 2024.
600 ## - SUBJECT ADDED ENTRY--PERSONAL NAME
Personal name الفرزدق،
Dates associated with a name حو641-حو728
Title of a work نقائض
General subdivision نقد وتفسير
600 ## - SUBJECT ADDED ENTRY--PERSONAL NAME
Personal name جرير بن عطيه،
Dates associated with a name ت.728؟
General subdivision نقد وتفسير
650 17 - SUBJECT ADDED ENTRY--TOPICAL TERM
Topical term or geographic name entry element الشعر العربى
General subdivision تاريخ ونقد
Source of heading or term qrmak
650 17 - SUBJECT ADDED ENTRY--TOPICAL TERM
Topical term or geographic name entry element شعر الهجاء العربى
Source of heading or term qrmak
651 1# - SUBJECT ADDED ENTRY--GEOGRAPHIC NAME
Source of heading or term qrmak
700 1# - ADDED ENTRY--PERSONAL NAME
Personal name حور، محمد ابراهيم
Relator term محقق.
700 1# - ADDED ENTRY--PERSONAL NAME
Personal name خالص، وليد محمود
Relator term محقق.
905 ## - Cataloger and Reviser Names
Cataloger Name Huda
942 ## - ADDED ENTRY ELEMENTS (KOHA)
Source of classification or shelving scheme Dewey Decimal Classification
Koha item type Books
Edition 21
Suppress in OPAC No
المقتنيات
Withdrawn status Lost status Source of classification or shelving scheme Damaged status Not for loan Home library Current library Date acquired Inventory number Total checkouts Full call number Barcode Date last seen Price effective from Koha item type
    Dewey Decimal Classification   Not for loan المكتبة المركزبة الجديدة - جامعة القاهرة قاعة المكتبات المهداة - الدور الرابع 24.02.2026 175122   811.9 Y35 1998 v.1 J.U. 01000100175122001 24.02.2026 24.02.2026 Books
    Dewey Decimal Classification   Not for loan المكتبة المركزبة الجديدة - جامعة القاهرة قاعة المكتبات المهداة - الدور الرابع 24.02.2026 175122   811.9 Y35 1998 v.2 J.U. 01000100175122002 24.02.2026 24.02.2026 Books
    Dewey Decimal Classification   Not for loan المكتبة المركزبة الجديدة - جامعة القاهرة قاعة المكتبات المهداة - الدور الرابع 24.02.2026 175122   811.9 Y35 1998 v.3 J.U. 01000100175122003 24.02.2026 24.02.2026 Books
Cairo University Libraries Portal Implemented & Customized by: Eng. M. Mohamady Contacts: new-lib@cl.cu.edu.eg | cnul@cl.cu.edu.eg
CUCL logo CNUL logo
© All rights reserved — Cairo University Libraries
CUCL logo
Implemented & Customized by: Eng. M. Mohamady Contact: new-lib@cl.cu.edu.eg © All rights reserved — New Central Library
CNUL logo
Implemented & Customized by: Eng. M. Mohamady Contact: cnul@cl.cu.edu.eg © All rights reserved — Cairo National University Library